Agroecology
Αποθηκεύτηκε σε:
| Άλλοι συγγραφείς: | , , |
|---|---|
| Μορφή: | Βιβλίο |
| Γλώσσα: | English |
| Δημοσίευση: |
New York :
McGraw-Hill,
c1990
|
| Σειρά: | Biological resource management
|
| Θέματα: | |
| Ετικέτες: |
Προσθήκη ετικέτας
Δεν υπάρχουν, Καταχωρήστε ετικέτα πρώτοι!
|
MARC
| LEADER | 00000nam a2200000 i 4500 | ||
|---|---|---|---|
| 001 | 1/64709 | ||
| 008 | 931001s1990 eng d | ||
| 020 | |a 0-07-052923-X | ||
| 035 | |l 10001432 | ||
| 040 | |a GR-MY-UA |b gre |e aacr | ||
| 041 | 0 | |a eng | |
| 082 | 0 | |a 333.76 | |
| 245 | 1 | 0 | |a Agroecology / |c [Edited by] C. Ronald Carroll; John H. Vandermeer; Peter Rosset |
| 260 | |a New York : |b McGraw-Hill, |c c1990 | ||
| 300 | |a 641 p. | ||
| 490 | 1 | |a Biological resource management | |
| 504 | |a Includes bibliographical references | ||
| 650 | 0 | 0 | |a Agricultural ecology. |
| 650 | 0 | 0 | |a Agriculture. |
| 650 | 0 | 0 | |a Agriculture |x Research. |
| 700 | 1 | |a Carroll, C. Ronald |q (Carl Ronald) |d 1941- |4 edt | |
| 700 | 1 | |a Vandermeer, John. |4 edt | |
| 700 | 1 | |a Rosset, Peter. |4 edt | |
| 830 | 0 | |a Biological resource management | |
| 852 | |a INST |b LESVOS |e 19931001 |h 333.76 AGR |p 005100004324 |q 005100004324 |t BK |y 0 | ||
| 852 | |a INST |b LESVOS |e 19980717 |h 333.76 AGR |p 005100013638 |q 005100013638 |t BK |y 0 | ||
| 852 | |a INST |b LESVOS |e 19980717 |h 333.76 AGR |p 005100013639 |q 005100013639 |t BK |y 0 | ||
| 852 | |a INST |b LESVOS |e 19980717 |h 333.76 AGR |p 005100013640 |q 005100013640 |t BK |y 0 | ||
| 901 | |a BIBL-1998-2 | ||
| 909 | |a Λ |b 018275 | ||
| 909 | |a Λ |b 058303 | ||
| 909 | |a Λ |b 058304 | ||
| 909 | |a Λ |b 058302 | ||
| 922 | |a 1ΕΛΗ |b 199806 |c ΚΠΣ/ΤΠ |d ΠΑΠΑΣΩΤΗΡΙΟΥ | ||
| 950 | |a 107-1998-03-31 | ||